Amitav Ghosh : (Record no. 128787)

MARC details
000 -LEADER
fixed length control field 00751nam a22002297a 4500
005 - DATE AND TIME OF LATEST TRANSACTION
control field 20170124110045.0
010 ## - LIBRARY OF CONGRESS CONTROL NUMBER
LC control number B-129065
020 ## - INTERNATIONAL STANDARD BOOK NUMBER
Terms of availability 225.00
International Standard Book Number 9788178241135
035 ## - SYSTEM CONTROL NUMBER
System control number B-129065
037 ## - SOURCE OF ACQUISITION
Source of stock number/acquisition Cen Lib/Ret
040 ## - CATALOGING SOURCE
Original cataloging agency DPL
Language of cataloging EN
082 ## - DEWEY DECIMAL CLASSIFICATION NUMBER
Classification number 808.84
Item number AMI
245 ## - TITLE STATEMENT
Title Amitav Ghosh :
Statement of responsibility, etc edited by Tabish Khair
Remainder of title a critical companion /
260 ## - PUBLICATION, DISTRIBUTION, ETC. (IMPRINT)
Place of publication, distribution, etc Delhi
Name of publisher, distributor, etc Permanent Black
Date of publication, distribution, etc 2005
270 ## - ADDRESS
Address D-28 Oxford Apartment, 11, I. P. Extension
City Delhi
Postal code 110092
300 ## - PHYSICAL DESCRIPTION
Extent vi,185p.
Dimensions 21cm(Hb)
500 ## - GENERAL NOTE
General note Includes bibliography <br/>
650 ## - SUBJECT ADDED ENTRY--TOPICAL TERM
Topical term or geographic name as entry element Ghosh, Amitav, -- 1956-
9 (RLIN) 24437
650 ## - SUBJECT ADDED ENTRY--TOPICAL TERM
Topical term or geographic name as entry element Ghosh, Amitav, -- 1956- -- Criticism and interpretation
9 (RLIN) 24438
700 ## - ADDED ENTRY--PERSONAL NAME
Personal name Khair, Tabish
9 (RLIN) 24439
942 ## - ADDED ENTRY ELEMENTS (KOHA)
Source of classification or shelving scheme Dewey Decimal Classification
Koha item type English Books
Classification part 808.84
Call number suffix AMI
Holdings
Withdrawn status Lost status Damaged status Not for loan Home library Current library Date acquired Source of acquisition Cost, normal purchase price Total Checkouts Full call number Barcode Date last seen Date checked out Copy number Cost, replacement price Price effective from Koha item type
        Central Library Central Library 03/07/2015 Cen Lib/Ret 225.00 1 808.84 AMI B-129065 28/08/2018 23/08/2018 1 225.00 03/07/2015 English Books

© Delhi Public Library
Hit Counter
free hit counter